000 00377pab a2200157 454500
008 180718b2017 xxu||||| |||| 00| 0 eng d
100 _aMukherjee, Dhurjati
245 _aSkilling for rural employment
260 _c2017
300 _ap.15-17.
362 _aSep
650 _aEmployment, Rural
650 _aSkills development
773 _aKurukshetra
909 _a115961
999 _c115955
_d115955